LEADER 01461nam a2200313 i 4500 001 000000172052 003 CaOOAMICUS 005 20191203151205.0 008 080609s2007 it u000 u ita u 013 $a149489 020 $a978-88-7462-154-5 040 $aSeMil$bita 100 1 $aFrazer, James George,$d<1854-1941>.$0(OLS)http://semarc/name/9510 245 13$aLa crocifissione di Cristo /$cJames George Frazer ; seguito da La crocifissione di Aman di Edgar Wind ; a cura di Andrea Damascelli. 260 $aMacerata :$bQuodlibet,$c2007. 300 $a254 p. :$bill. (b/n) ;$c19 cm. 490 0 $aQuodlibet ;$v43 650 4$aGesł Cristo - Crocifissione - Interpretazione antropologica.$0(OLS)http://semarc/subject/32753 650 4$aBuonarroti, Michelangelo <1475-1564> - Affreschi - Cappella Sistina . Crocifissione di Aman.$0(OLS)http://semarc/subject/32754 700 1 $aDamascelli, Andrea.$0(OLS)http://semarc/name/64347 700 1 $aWind, Edgar.$0(OLS)http://semarc/name/18000 830 0$aQuodlibet ;$v43.$0(OLS)http://semarc/title/427208 850 $aSeMil 852 $aSeMil$W1$xVenegono$y1$m2R I 52$j122915$B122915$CSeMilBibl$Z2$F134500 $81 961 $aAcquisto: DEA 996 $6020$a978-88-7462-154-5$9(OLS)http://semarc/number/159345 996 $6245$aLa crocifissione di Cristo$9(OLS)http://semarc/title/246292 996 $6260$aMacerata :$bQuodlibet$9(OLS)http://semarc/publisher/33216 LEADER 01183nam a2200241 i 4500 001 000000056782 003 CaOOAMICUS 005 20090507000000.0 008 090507s1984 it u000 u ita u 013 $a27954 040 $aSeMil$bita 245 12$aL'assolutismo :$bprotezione e strumentalizzazione della vita religiosa : atti dell'8. convegno del Centro di Studi Avellaniti. 260 $aFonte Avellana :$b[s.n.],$c1984. 300 $a274 p. ;$c24 cm. 490 0 $aAtti [dei convegni] del Centro di Studi Avellaniti ;$v8 650 4$aFonte Avellana.$0(OLS)http://semarc/subject/11465 710 2 $aCentro di Studi Avellaniti .$0(OLS)http://semarc/name/247 830 0$aAtti dei convegni del Centro di Studi Avellaniti ;$v8.$0(OLS)http://semarc/title/435 850 $aSeMil 852 $aSeMil$W1$xVenegono$y1$m3A VI 218$j22936$B22936$CSeMilBibl$Z2$F22938 $81 961 $aOmaggio: Apeciti mons. Ennio 996 $6245$aL'assolutismo :$bprotezione e strumentalizzazione della vita religiosa : atti dell'8. convegno del Centro di Studi Avellaniti$9(OLS)http://semarc/title/88320 996 $6260$aFonte Avellana :$b[s.n.]$9(OLS)http://semarc/publisher/35484